000 01016nam a22002537a 4500
008 130821s2007 xxuad fr 1 eng
020 _a0761933832
020 _a9780761933830
040 _aCO-BoUCM
_bspa
_cJose A. Gerena
_dDiana Londoño
041 0 0 _aeng
100 1 _aSingh, Kultar
_d1976-
_951640
245 1 0 _aQuantitative social research methods
_cKultar Singh
260 _aLos Ángeles (California, Estados Unidos)
_bSage Publications
_c2007
300 _a431 páginas
_bilustraciones, cuadros, gráficas
504 _aIncluye referencias bibliográficas e índices
650 0 7 _aCiencias sociales
_xInvestigaciones
_933592
650 0 7 _aCiencias sociales
_xMetodología
_932387
650 0 7 _aSociología
_9386
690 _aSociología
_9386
856 4 1 _3Contenido
_uhttp://www.loc.gov/catdir/toc/ecip074/2006037461.html
856 4 2 _3Publicador
_uhttp://www.loc.gov/catdir/enhancements/fy0704/2006037461-d.html
942 _cLIBRO
_a5
_e1
_mS617q
_2DEWEY
_h300.72
999 _c92506
_d92506